The principles of statistical mechanics

Đã lưu trong:
Chi tiết về thư mục
Tác giả chính: Tolman, Richard C (Tác giả)
Định dạng: Sách
Ngôn ngữ:Tiếng Anh
Được phát hành: Nueva York Dover 1979
Phiên bản:1a. ed
Những chủ đề:
Các nhãn: Thêm thẻ
Không có thẻ, Là người đầu tiên thẻ bản ghi này!

MARC

LEADER 00000nam a2200000 a 4500
001 UCL9635
003 CL-VaPUC
008 040820e19790000us |||||||||||||||||eng|d
020 |a 0486638960 
082 0 4 |a 530.13  |b TOL  |2 21 
100 0 |a Tolman, Richard C  |e author  |9 487517 
245 1 4 |a The principles of statistical mechanics 
250 |a 1a. ed 
300 |a 660 p 
942 |c BK 
945 |d 20040820 00:00:00  |a cmena 
260 |a Nueva York  |b Dover  |c 1979 
650 0 |a Mecánica estadística  |9 261055 
650 0 |a Física matemática   |9 260981 
650 0 |a Mecánica cuántica  |9 306806 
650 0 |a Funciones (Matemáticas)  |9 338128 
583 |a last modification  |c 20150504 05:02:21  |k Rodrigo Vera 
999 |c 310352  |d 310350 
952 |0 0  |1 0  |4 0  |6 530_130000000000000_TOL_1979  |7 0  |8 A  |9 378681  |a BIBCUR  |b BIBCUR  |d 2019-11-21  |i 4049497  |o 530.13 TOL 1979  |p 4049497  |r 2025-04-22  |w 2019-11-21  |y BK  |k FIS